Common abbreviations - Statistics

General Stats
  • This quiz has been taken 40 times
  • The average score is 11 of 12
Answer Stats
Hint Answer % Correct
ASAP as soon as possible
100%
OMG oh my god
100%
RIP rest in peace
100%
DIY do it yourself
95%
AKA also known as
92%
BTW by the way
92%
VIP very important person
89%
IDK i dont know
87%
BRB be right back
84%
LOL laughing out loud
79%
IDC i dont care
76%
NVM nevermind
76%
No matching quizzes found
Score Distribution
Percent of People with Each Score
Percentile by Number Answered
Your Score History
You have not taken this quiz